[Event "SVK-ch Amateurs"]
[Site "Liptovsky Jan"]
[Date "2023.06.15"]
[Round "1"]
[White "Dubnicka, Ferdinand"]
[Black "Marjanovic, Gyorgy"]
[Result "0-1"]
[WhiteElo "1416"]
[BlackElo "2017"]
[PlyCount "128"]
[EventDate "2023.06.15"]
[EventType "swiss"]
[EventRounds "8"]
[EventCountry "SVK"]
[SourceTitle "CBM 214 Extra"]
[Source "ChessBase"]
[SourceDate "2023.07.31"]
[SourceVersion "1"]
[SourceVersionDate "2023.07.31"]
[SourceQuality "1"]

1. Nf3 c5 2. e4 Nc6 3. Bb5 Nf6 4. d3 g6 5. Nc3 d6 6. Bg5 Bg7 7. h3 0-0 8. Bxc6 bxc6 9. 0-0 h6 10. Bh4 g5 11. Bg3 e5 12. Nh2 Be6 13. b3 Qd7 14. f3 Nh5 15. Qe1 f5 16. Rb1 Nf4 17. Ne2 h5 18. Bxf4 exf4 19. Kh1 fxe4 20. dxe4 Be5 21. c4 Rf7 22. Rd1 Rg7 23. Rg1 Rf8 24. Rd3 Rf6 25. Qf2 g4 26. Qh4 g3 27. Nf1 Rh6 28. Nfxg3 fxg3 29. Rgd1 Kh7 30. a4 a5 31. Nc1 Qf7 32. Qd8 Qf4 33. Ne2 Qf7 34. Ng1 Rf6 35. Qxa5 Rf4 36. Qe1 Rh4 37. f4 Rxf4 38. Rf3 Rxf3 39. Nxf3 Qf6 40. Qe2 Rf7 41. Rf1 Bg4 42. Kg1 Bxf3 43. Rxf3 Qg6 44. a5 d5 45. Rxf7+ Qxf7 46. exd5 Bd4+ 47. Kh1 cxd5 48. cxd5 Qxd5 49. Qd1 Qf7 50. a6 Bf2 51. Qd3+ Qg6 52. Qf1 Qb6 53. Qd3+ Kg7 54. h4 Qa5 55. Qd7+ Kf6 56. Qd6+ Kf5 57. Qd5+ Kf4 58. Qf3+ Ke5 59. Qxh5+ Kd4 60. Qg4+ Kc3 61. Qf3+ Kb2 62. Qe2+ Ka3 63. h5 Qb4 64. Qe7 Qd4 0-1

[Event "Varazdinske Toplice op"]
[Site "Varazdinske Toplice"]
[Date "2022.12.26"]
[Round "8"]
[White "Marjanovic, Gyorgy"]
[Black "Vujec, Ivan"]
[Result "0-1"]
[WhiteElo "1983"]
[BlackElo "2184"]
[PlyCount "84"]
[EventDate "2022.12.26"]
[EventType "swiss"]
[EventRounds "9"]
[EventCountry "CRO"]
[SourceTitle "CBM 211 Extra"]
[Source "ChessBase"]
[SourceDate "2023.01.31"]
[SourceVersion "1"]
[SourceVersionDate "2023.01.31"]
[SourceQuality "1"]

1. e4 c6 2. Nc3 d5 3. Nf3 Bg4 4. h3 Bxf3 5. Qxf3 e6 6. exd5 cxd5 7. Bb5+ Nc6 8. 0-0 Nge7 9. d4 a6 10. Bxc6+ bxc6 11. Ne2 Ng6 12. c3 Bd6 13. Nf4 Nxf4 14. Bxf4 0-0 15. Bxd6 Qxd6 16. b4 f6 17. Rfe1 e5 18. Qg3 Rfe8 19. Re3 Qe6 20. Rae1 e4 21. Qf4 f5 22. h4 Qd7 23. Rg3 a5 24. a3 axb4 25. axb4 Rf8 26. Kh2 Ra7 27. Kg1 Qc7 28. Qxc7 Rxc7 29. Ra1 g6 30. Re3 f4 31. Re2 Kg7 32. Rea2 Kh6 33. g3 Kh5 34. Kg2 Kg4 35. Ra7 Rff7 36. Rxc7 Rxc7 37. Ra6 f3+ 38. Kh2 e3 39. fxe3 Re7 40. Rxc6 Rxe3 41. Rf6 Re2+ 42. Kg1 Kxg3 0-1

[Event "Bratislava Doprastav op"]
[Site "Bratislava"]
[Date "2019.04.20"]
[Round "4"]
[White "Marjanovic, Gyorgy"]
[Black "Shagbazyan, Taron"]
[Result "0-1"]
[WhiteElo "2007"]
[BlackElo "2429"]
[PlyCount "94"]
[EventDate "2019.04.18"]
[EventType "swiss"]
[EventRounds "7"]
[EventCountry "SVK"]
[SourceTitle "CBM 189 Extra"]
[Source "ChessBase"]
[SourceDate "2019.06.03"]
[SourceVersion "1"]
[SourceVersionDate "2019.06.03"]
[SourceQuality "1"]

1. e4 e5 2. Nf3 Nc6 3. Bb5 a6 4. Bxc6 dxc6 5. 0-0 Qf6 6. d4 exd4 7. Bg5 Qd6 8. Nxd4 Be7 9. Bxe7 Nxe7 10. Nc3 0-0 11. Nb3 Ng6 12. Qd4 Qe7 13. Rad1 Re8 14. f3 b6 15. Qf2 Ne5 16. Nd4 Qb4 17. Rb1 Bd7 18. a3 Qc5 19. Nde2 Qe7 20. a4 a5 21. b3 b5 22. axb5 cxb5 23. Nd5 Qd8 24. Qc5 c6 25. Nb6 Ra6 26. Nxd7 Nxd7 27. Qd6 Qb6+ 28. Qd4 a4 29. bxa4 Qxd4+ 30. Nxd4 bxa4 31. Ra1 a3 32. Ra2 Ne5 33. Rb1 g6 34. Rb3 Rd8 35. Ne2 Nc4 36. Kf2 c5 37. Ke1 f5 38. e5 g5 39. g3 Nxe5 40. Raxa3 Rad6 41. Rc3 g4 42. f4 Nf3+ 43. Kf2 Rh6 44. Rxc5 Rxh2+ 45. Ke3 Re8+ 46. Kd3 Rhxe2 47. Ra7 R8e3+ 0-1

[Event "Bratislava Doprastav op"]
[Site "Bratislava"]
[Date "2019.04.19"]
[Round "2"]
[White "Marjanovic, Gyorgy"]
[Black "Schwarz, Dusan"]
[Result "1-0"]
[WhiteElo "2007"]
[BlackElo "2314"]
[PlyCount "55"]
[EventDate "2019.04.18"]
[EventType "swiss"]
[EventRounds "7"]
[EventCountry "SVK"]
[SourceTitle "CBM 189 Extra"]
[Source "ChessBase"]
[SourceDate "2019.06.03"]
[SourceVersion "1"]
[SourceVersionDate "2019.06.03"]
[SourceQuality "1"]

1. e4 d5 2. exd5 Qxd5 3. Nf3 Bg4 4. Be2 Nc6 5. d4 0-0-0 6. Be3 Nf6 7. 0-0 Bxf3 8. Bxf3 Qb5 9. b3 Nxd4 10. Bxd4 e5 11. Bg4+ Kb8 12. Bxa7+ Kxa7 13. Qxd8 Nxg4 14. Nc3 Qc5 15. Na4 Qc6 16. c4 g6 17. Rad1 Nf6 18. Qd2 b6 19. Nc3 Bc5 20. Qe2 Re8 21. a3 Kb8 22. b4 Bf8 23. Nd5 Bg7 24. b5 Qe6 25. Nb4 Bf8 26. Nc6+ Kc8 27. a4 Qg4 28. Qxe5 1-0

[Event "Bratislava Doprastav op"]
[Site "Bratislava"]
[Date "2019.04.19"]
[Round "3"]
[White "Pacher, Milan"]
[Black "Marjanovic, Gyorgy"]
[Result "0-1"]
[WhiteElo "2391"]
[BlackElo "2007"]
[PlyCount "94"]
[EventDate "2019.04.18"]
[EventType "swiss"]
[EventRounds "7"]
[EventCountry "SVK"]
[SourceTitle "CBM 189 Extra"]
[Source "ChessBase"]
[SourceDate "2019.06.03"]
[SourceVersion "1"]
[SourceVersionDate "2019.06.03"]
[SourceQuality "1"]

1. e4 e5 2. Nf3 Nc6 3. Bb5 g6 4. c3 a6 5. Bxc6 dxc6 6. d4 exd4 7. cxd4 Bg4 8. Be3 Bg7 9. Qb3 Bxf3 10. gxf3 Qc8 11. Nc3 Ne7 12. 0-0-0 b6 13. h4 h5 14. Rhg1 Qe6 15. Qxe6 fxe6 16. Bg5 Bh6 17. Kd2 Bxg5+ 18. Rxg5 Kf7 19. Ke3 Rad8 20. Ne2 c5 21. Rdg1 cxd4+ 22. Nxd4 Rd6 23. Ne2 Rhd8 24. Nf4 Rd1 25. Rxd1 Rxd1 26. a3 Kf6 27. Rg3 Rb1 28. Nd3 c5 29. f4 Nc6 30. f5 exf5 31. exf5 Ne7 32. Rg5 Nxf5+ 33. Kd2 Nxh4 34. Rd5 Nf5 35. Kc3 h4 36. Rd8 Kg5 37. Rg8 h3 38. Rh8 Nh4 39. f4+ Kg4 40. Nf2+ Kg3 41. Ne4+ Kg2 42. Rxh4 h2 43. Rh6 h1Q 44. Rxg6+ Kf3 45. Nd2+ Kxf4 46. Nxb1 Qf3+ 47. Kd2 Qe3+ 0-1

[Event "Paracin Summer op-B 10th"]
[Site "Paracin"]
[Date "2017.07.11"]
[Round "6"]
[White "Djurovic, Peko"]
[Black "Marjanovic, Gyorgy"]
[Result "1-0"]
[WhiteElo "1490"]
[BlackElo "2004"]
[PlyCount "91"]
[EventDate "2017.07.07"]
[EventType "swiss"]
[EventRounds "9"]
[EventCountry "SRB"]
[SourceTitle "EXT 2020"]
[Source "ChessBase"]
[SourceDate "2019.10.17"]
[SourceVersion "1"]
[SourceVersionDate "2019.10.17"]
[SourceQuality "1"]

1. e4 e5 2. Nf3 Nc6 3. Bb5 a6 4. Ba4 Nge7 5. Nc3 g6 6. 0-0 Bg7 7. Re1 0-0 8. d3 h6 9. Be3 d6 10. Qd2 Kh7 11. d4 exd4 12. Nxd4 Ne5 13. Bb3 N7c6 14. Rad1 Na5 15. Qc1 c5 16. Nde2 Qh4 17. Ng3 Ng4 18. h3 Nxe3 19. Qxe3 Bd4 20. Qf3 Nc6 21. Nce2 Be5 22. Qe3 Be6 23. c3 Rad8 24. f4 Bg7 25. Bc2 Bc8 26. Rd2 Na5 27. b3 Qf6 28. Nh5 Qe7 29. Nxg7 Kxg7 30. Ng3 Rfe8 31. Rf1 f6 32. Qf3 Nc6 33. f5 Ne5 34. Qf2 g5 35. Ne2 b5 36. Qg3 Kh7 37. Rfd1 Bb7 38. Qe3 Rd7 39. Kh2 d5 40. Ng3 Nf7 41. Qf2 Qe5 42. exd5 Rxd5 43. Re2 Qb8 44. Rxe8 Qxe8 45. Rxd5 Bxd5 46. Qxc5 1-0